Normal view
MARC view
- Civil engineering contracts.
Entry Topical Term
001 - CONTROL NUMBER
- control field: 1120
003 - CONTROL NUMBER IDENTIFIER
- control field: NUST
005 - DATE AND TIME OF LATEST TRANSACTION
- control field: 20170518161935.0
008 - FIXED-LENGTH DATA ELEMENTS
- fixed length control field: 170518|| aca||aabn | a|a d
040 ## - CATALOGING SOURCE
- Original cataloging agency: NUST
- Transcribing agency: NUST
150 ## - HEADING--TOPICAL TERM
- Topical term or geographic name entry element: Civil engineering contracts.
670 ## - SOURCE DATA FOUND
- Source citation: Work cat.: (NUST)0: Hartman, Francis T., 1950- 1118, Ten commandments of better contracting :, 2003.
